000 01092nam a2200241Ia 4500
003 Ost
005 20260507075642.0
008 260507s9999||||xx |||||||||||||| ||und||
020 _a5050603977
040 _cfsecg
041 _aara
082 _a364.131
100 _aالشواربي، عبد الحميد
_eمؤلف
245 0 _aالجرائم السياسية وأوامر الإعتقال وقانون الطوارئ /
_c عبد الحميد الشواربي
250 _aطبعة 2
260 _aالإسكندرية:
_bمنشأة المعارف,
_c1999
300 _a161 صفحة؛
_bإيضاحات ؛
_c24 سم
520 _aالإجرام السياسي ، نبذة تاريخية عن الجرائم السياسية، تعريف الجريمة السياسية، النتائج المترتبة على تحديد الجرائم السياسية، أنظمة الأحكام العرفية والطوارئ، تشريعات أمن الدولة
653 _aالجرائم السياسية
653 _aالسياسة
653 _aالقانون
942 _cكتاب
999 _c45425
_d45425